Writing, Speaking, & Communication Skills for Health Professionals: (Record no. 9014)

MARC details
000 -LEADER
fixed length control field 01148cam a22003134a 4500
001 - CONTROL NUMBER
control field 12307662
003 - CONTROL NUMBER IDENTIFIER
control field OSt
005 - DATE AND TIME OF LATEST TRANSACTION
control field 20251112161942.0
008 - FIXED-LENGTH DATA ELEMENTS--GENERAL INFORMATION
fixed length control field 010212s2001 ctua b 001 0 eng c
010 ## - LIBRARY OF CONGRESS CONTROL NUMBER
LC control number 2001022234
020 ## - INTERNATIONAL STANDARD BOOK NUMBER
International Standard Book Number 0300088612 (cloth : alk. paper)
020 ## - INTERNATIONAL STANDARD BOOK NUMBER
International Standard Book Number 0300088620 (paper)
035 ## - SYSTEM CONTROL NUMBER
System control number (DNLM)101087901
040 ## - CATALOGING SOURCE
Transcribing agency must
042 ## - AUTHENTICATION CODE
Authentication code pcc
050 00 - LIBRARY OF CONGRESS CALL NUMBER
Classification number R118
Item number .W77 2001
082 00 - DEWEY DECIMAL CLASSIFICATION NUMBER
Classification number 384 WRI 2001
Edition number 21
100 ## - MAIN ENTRY--PERSONAL NAME
Personal name Barnard, Stephanie; [et...al]
9 (RLIN) 19520
245 00 - TITLE STATEMENT
Title Writing, Speaking, & Communication Skills for Health Professionals:
Statement of responsibility, etc. the Health Care Communication Group
260 ## - PUBLICATION, DISTRIBUTION, ETC. (IMPRINT)
Place of publication, distribution, etc. New Haven;
Name of publisher, distributor, etc. Yale University Press,
Date of publication, distribution, etc. c2001.
300 ## - PHYSICAL DESCRIPTION
Extent xiii, 338 p. :
Other physical details ill. ;
Dimensions 21 cm.
504 ## - BIBLIOGRAPHY, ETC. NOTE
Bibliography, etc Includes bibliographical references and index.
650 #0 - SUBJECT ADDED ENTRY--TOPICAL TERM
Topical term or geographic name as entry element Communications
9 (RLIN) 18324
650 #0 - SUBJECT ADDED ENTRY--TOPICAL TERM
Topical term or geographic name as entry element Interpersonal communication.
9 (RLIN) 10023
906 ## - LOCAL DATA ELEMENT F, LDF (RLIN)
a 7
b cbc
c orignew
d 1
e ocip
f 20
g y-gencatlg
942 ## - ADDED ENTRY ELEMENTS (KOHA)
Source of classification or shelving scheme Dewey Decimal Classification
Koha item type Open Shelf
Holdings
Withdrawn status Lost status Source of classification or shelving scheme Damaged status Not for loan Home library Current library Date acquired Source of acquisition Inventory number Total Checkouts Full call number Barcode Date last seen Koha item type
    Dewey Decimal Classification     MUST Main Library MUST Main Library 28/06/2024 purchase 11/33802   384 WRI 2001 2024-21606 28/06/2024 Open Shelf